LIBRARY & INFORMATION CENTRE, KCAET, TAVANUR

ONLINE PUBLIC ACCESS CATALOGUE (OPAC)

Surveying and levelling / (Record no. 77)

MARC details
000 -LEADER
fixed length control field 00502cam a2200193ua 4500
003 - CONTROL NUMBER IDENTIFIER
control field OSt
008 - FIXED-LENGTH DATA ELEMENTS--GENERAL INFORMATION
fixed length control field 250423b |||||||| |||| 00| 0 eng d
082 ## - DEWEY DECIMAL CLASSIFICATION NUMBER
Classification number 624.1517
Item number KAN/SU
100 ## - MAIN ENTRY--AUTHOR NAME
Personal name Kanetkar, T.P .
245 ## - TITLE STATEMENT
Title Surveying and levelling /
250 ## - EDITION STATEMENT
Edition statement 23 /
260 ## - PUBLICATION, DISTRIBUTION, ETC. (IMPRINT)
Place of publication Pune :
Name of publisher A.V Griha Publication ,
Year of publication 1965.
300 ## - PHYSICAL DESCRIPTION
Number of Pages 655 ; .
650 ## - SUBJECT ADDED ENTRY--TOPICAL TERM
Topical Term Field astronomy
650 ## - SUBJECT ADDED ENTRY--TOPICAL TERM
Topical Term Geodetic surveying
650 ## - SUBJECT ADDED ENTRY--TOPICAL TERM
Topical Term Ranges
700 1# - ADDED ENTRY--PERSONAL NAME
Personal name Kulkarni, S.V .
942 ## - ADDED ENTRY ELEMENTS (KOHA)
Koha item type Books
Holdings
Withdrawn status Lost status Damaged status Home library Current library Date acquired Full call number Accession Number Koha item type
      KAUAET   07/04/2012 624.1517 KAN/SU 14601 Books
      KAUAET KAUAET 02/10/1986 624.1517 KAN/SU 14797 Books
Withdrawn   Damaged KAUAET KAUAET 02/10/1986 624.1517 14784 Books
      KAUAET KAUAET 07/04/2012 624.1517 KAN/SU 12211 Books
    Damaged KAUAET KAUAET 07/04/2012 624.1517 14603 Books
Withdrawn     KAUAET KAUAET 02/10/1986 624.1517 14787 Books
Withdrawn   Damaged KAUAET KAUAET 07/04/2012 624.1517 14596 Books
      KAUAET KAUAET 02/10/1986 624.1517 KAN/SU 14798 Books
      KAUAET KAUAET 07/04/2012 624.1517 KAN/SU 14602 Books
Withdrawn     KAUAET KAUAET 02/10/1986 624.1517 14793 Books
      KAUAET KAUAET 07/04/2012 624.1517 KAN/SU 11415 Books
      KAUAET KAUAET 07/04/2012 624.1517 KAN/SU 11314 Books
      KAUAET KAUAET 07/04/2012 624.1517 KAN/SU 11422 Books
      KAUAET KAUAET 07/04/2012 624.1517 KAN/SU 14598 Books
      KAUAET KAUAET 02/10/1986 624.1517 KAN/SU 14794 Books
Withdrawn     KAUAET KAUAET 07/04/2012 624.1517 14597 Books
      KAUAET KAUAET 02/10/1986 624.1517 KAN/SU 14801 Books
      KAUAET KAUAET 02/10/1986 624.1517 KAN/SU 14799 Books
      KAUAET KAUAET 02/10/1986 624.1517 KAN/SU 14782 Books
      KAUAET KAUAET 07/04/2012 624.1517 KAN/SU 14595 Books
      KAUAET KAUAET 02/10/1986 624.1517 KAN/SU 14783 Books
      KAUAET KAUAET 02/10/1986 624.1517 KAN/SU 14790 Books
      KAUAET KAUAET 07/04/2012 624.1517 KAN/SU 13419 Books
      KAUAET KAUAET 07/04/2012 624.1517 KAN/SU 14600 Books
Withdrawn     KAUAET KAUAET 07/04/2012 624.1517 11292 Books
      KAUAET KAUAET 02/10/1986 624.1517 KAN/SU 14792 Books
      KAUAET KAUAET 02/10/1986 624.1517 KAN/SU 14789 Books
    Damaged KAUAET KAUAET 02/10/1986 624.1517 14788 Books
Withdrawn     KAUAET KAUAET 07/04/2012 624.1517 8140 Books
    Damaged KAUAET KAUAET 04/12/2021 624.1517 KAN/SU 12844 Books
    Damaged KAUAET KAUAET 02/10/1986 624.1517 KAN/SU 14781 Books
      KAUAET KAUAET 31/12/2024 624.1517 KAN/SU 12212 Books
Withdrawn     KAUAET KAUAET 31/12/2024 624.1517 KAN/SU 12213 Books
free website counter